Statistics for How Much Do You Know About Heroes Of Olympus

Click here to take the quiz!

General Stats

  • This quiz has been taken 109 times
  • The average score is 4 of 5

Answer Stats

Answer% Correct
Who is Annabeth's Mum?Athena
97%
Who is Percy's Dad?Poseidon
97%
Who is the best couple in the series?Percabeth
66%
What is the blodd thirsty satyr's nameCoach
65%
Who is tyson?Percy's Half brother
37%

Score Distribution

Percentile by Number Answered

Percent of People with Each Score

Your Score History

You have not taken this quiz